Normal view
MARC view
- Asad Muneer (NUST2012-60727MCES-64112F)
Entry Personal Name
001 - CONTROL NUMBER
- control field: 116308
003 - CONTROL NUMBER IDENTIFIER
- control field: NUST
005 - DATE AND TIME OF LATEST TRANSACTION
- control field: 20230912165925.0
008 - FIXED-LENGTH DATA ELEMENTS
- fixed length control field: 230912|| aca||aabn | a|a d
040 ## - CATALOGING SOURCE
- Original cataloging agency: NUST
- Transcribing agency: NUST
100 ## - HEADING--PERSONAL NAME
- Personal name: Asad Muneer (NUST2012-60727MCES-64112F)
670 ## - SOURCE DATA FOUND
- Source citation: Work cat.: (NUST): Asad Muneer (NUST2012-60727MCES-64112F), Designing and CFD analysis of a savonlus vertical axis wind turbine /, 2015
